000 00584nam a2200181Ia 4500
008 090124s9999 xx 000 0 und d
082 _b28548
_a7137
100 _aक्लेमेंट कॅथरीन
245 _a एडविना आणि नेहरू
250 _a1
260 _c1996
300 _a432
600 _aक्लेमेंट कॅथरीन
630 _a एडविना आणि नेहरू
700 _aक्लेमेंट कॅथरीन
730 _a एडविना आणि नेहरू
942 _cBOOK
999 _c142004
_d142004